Fundamentals of Algorithmics (Record no. 1686)
[ view plain ]
| 000 -LEADER | |
|---|---|
| Fixed length control field | 00560nam a2200193 4500 |
| 003 - CONTROL NUMBER IDENTIFIER | |
| Control field | SEACOMEC |
| 005 - DATE AND TIME OF LATEST TRANSACTION | |
| Control field | 20240904115701.0 |
| 008 - FIXED-LENGTH DATA ELEMENTS--GENERAL INFORMATION | |
| Fixed length control field | 240904b |||||||| |||| 00| 0 eng d |
| 020 ## - INTERNATIONAL STANDARD BOOK NUMBER / ISBN | |
| International Standard Book Number | 978-8120311312 |
| Price | 325.00 |
| 040 ## - CATALOGING SOURCE | |
| Original cataloging agency | SEACOMEC |
| 082 ## - DEWEY DECIMAL CLASSIFICATION NUMBER | |
| Classification number | 005.1 |
| Book Number | B823 |
| 100 ## - MAIN ENTRY--PERSONAL NAME | |
| Personal name | Brassard, Gilles |
| 245 ## - TITLE STATEMENT | |
| Title | Fundamentals of Algorithmics |
| Statement of responsibility | Gilles Brassard and Paul Bratley |
| 260 ## - IMPRINT | |
| Place of publication | New Delhi |
| Name of publisher | Prentice Hall India |
| Date of publication | 2006 |
| 300 ## - PHYSICAL DESCRIPTION | |
| Page / Vol. No | xix, 524p. : 25cm |
| 650 ## - SUBJECT ADDED ENTRY--TOPICAL TERM | |
| Topical term | Computer Programing -Computer Algorithm |
| 700 ## - ADDED ENTRY--PERSONAL NAME | |
| Personal name | Bratley, Paul |
| 942 ## - ADDED ENTRY ELEMENTS (KOHA) | |
| Koha item type | Books |
| Withdrawn status | Lost status | Source of classification | Damaged status | Not for loan | Home library | Current library | Date acquired | Total Checkouts | Call number | Accession number | Date last seen | Price effective from | Koha item type |
|---|---|---|---|---|---|---|---|---|---|---|---|---|---|
| Dewey Decimal Classification | SEACOM ENGINEERING COLLEGE | SEACOM ENGINEERING COLLEGE | 14/06/2007 | 005.1 B823 | 7073 | 04/09/2024 | 04/09/2024 | Reference Books | |||||
| Dewey Decimal Classification | SEACOM ENGINEERING COLLEGE | SEACOM ENGINEERING COLLEGE | 14/06/2007 | 005.1 B823 | 7074 | 04/09/2024 | 04/09/2024 | Books |
